000 00590nam a22001697a 4500
003 OSt
005 20171010095529.0
008 121005t xxu||||| |||| 00| 0 eng d
040 _aMMSU
_cULS
100 _aAncheta, Albert M. et al
_913134
245 _aFormulation of the CHB design guideline using Laoag river aggregates
_cAlbert M. Ancheta, et al.
260 _c2008
300 _aviii, [80] leaves
_c28 cm.
500 _aThesis (BS Civil Engineering) -- Mariano Marcos State University-College of Engineering, Batac City
504 _aBibliography: leaf [35]
942 _2ddc
_cTHEDIS
999 _c9813
_d9813